Gminy powiatu Jeleniogórkiego. - Statystyki

Ogólne statystyki
  • Ten quiz został rozwiązany 12 razy
  • Średni wynik to 6 z 10
Statystyki odpowiedzi
Odpowiedzi % Poprawnych
Miejska Karpacz
90%
Miejska Jelenia Góra
70%
Wiejska Jeżów Sudecki
70%
Miejska Kowary
70%
Miejska Szklarska Poręba
70%
Miejska Piechowice
60%
Wiejska Janowice Wielkie
50%
Wiejska Mysłakowice
50%
Wiejska Stara Kamienica
50%
Wiejska Podgórzyn
40%
Nie znaleziono quizów pasujących do podanych kryteriów
Rozkład punktacji
Procent ludzi z każdym wynikiem
Percentyl według liczby udzielonych odpowiedzi
Twoja historia wyników
Nie rozwiązałeś tego quizu